000 00703nam a2200217 u 4500
005 20240228064316.0
008 171016s2006 r 000 0 eng d
020 _a1404265465
035 _aUPN01000220985
049 _aI
050 4 _aPZ7
_bO3.2
100 1 _aO'Donnell, Kerri,
_d1972-
_940035
245 1 1 _a¿De quién es esta gorra? /
_cKerri O'Donnell ; tr. José María Obregón.
260 _aNew York :
_bRosen Classroom Books & Materials,
_cc2006.
300 _a8 p. :
_bprincipalmente il. col.
440 0 _aLecturas del barrio.
_pMisterio
650 4 _aLibros y lectura para niños
_92290
650 7 _aLibros ilustrados para niños
_2
_921365
905 _aInfantil
999 _c193084
_d193084